000 00403nam a2200157Ia 4500
003 OSt
005 20230605135834.0
008 211028s2011 xx 000 0 und d
040 _cAIMIT LIBRARY
041 _aeng
100 _aJyothsna, P J; Pilar, Bharathi.
_gX
_98294
_e091922
110 _aBharathi Pilar
_98295
245 _aAudits management 6.0.
260 _aMangalore
_c2011
942 _2ddc
_cPRO
999 _c219816
_d219816